00822 2200277 4500001002100000005001500021035002000036007000300056008004100059100002400100245012900124250000900253300003600262020002200298082001200320084001800332090002100350260003000371600001400401700002200415850001000437504002500447990002400472990002400496990002400520INLIS00000000000254920260601023452 a0010-0220000400ta260601 0  a658.311 EFR p L23-31 aPanduan Lengkap Lolos Tes CPNS :b10 Kementerian dan Pemerintah Daerah Tingkat I dan II /cEfriwandi, dkk, Editor: A. Ria PU aed.1 avii, 309 hlm. :bilus. ;c25 cm a978-979-29-6895-8 a658.311 a658.311 EFR p a371.1 ADJ c 26-3 aYogyakarta :bAndi,c2018 4aManajemen0 aEditor: A. Ria PU aPUPAD aBibliografi, hlm 310 a33.695/DAK/DPK/2019 a33.697/DAK/DPK/2019 a33.698/DAK/DPK/2019